00249nam a2200097 a 450000500170000000800410001705000210005824500370007965000080011665000270012420141022142007.0090305s19uu xx 00 eng d aCD-ROMbD37 2002 aDelmar's Anatomy and Physiology. aCD. aAnatomy and Physiology